Strategic management accounting : (Record no. 9549)
[ view plain ]
| 000 -LEADER | |
|---|---|
| fixed length control field | 00784cam a2200205 a 4500 |
| 003 - CONTROL NUMBER IDENTIFIER | |
| control field | OSt |
| 005 - DATE AND TIME OF LATEST TRANSACTION | |
| control field | 20251008155359.0 |
| 008 - FIXED-LENGTH DATA ELEMENTS--GENERAL INFORMATION | |
| fixed length control field | 960816s1996 enka b 001 0 eng |
| 040 ## - CATALOGING SOURCE | |
| Transcribing agency | MUST |
| 082 00 - DEWEY DECIMAL CLASSIFICATION NUMBER | |
| Classification number | 658.15 SMI 1997 |
| Edition number | 20 |
| 100 1# - MAIN ENTRY--PERSONAL NAME | |
| Personal name | Smith, Malcolm, |
| Dates associated with a name | 1948 |
| 9 (RLIN) | 19435 |
| 245 10 - TITLE STATEMENT | |
| Title | Strategic management accounting : |
| Remainder of title | text and cases / |
| Statement of responsibility, etc. | Malcolm Smith. |
| 260 ## - PUBLICATION, DISTRIBUTION, ETC. (IMPRINT) | |
| Place of publication, distribution, etc. | Oxford ; |
| -- | Boston : |
| Name of publisher, distributor, etc. | Butterworth-Heinemann, |
| Date of publication, distribution, etc. | 1997. |
| 300 ## - PHYSICAL DESCRIPTION | |
| Extent | xvi, 255 p. : |
| Other physical details | ill. ; |
| Dimensions | 25 cm. |
| 504 ## - BIBLIOGRAPHY, ETC. NOTE | |
| Bibliography, etc | Includes bibliographical references and index. |
| 538 ## - SYSTEM DETAILS NOTE | |
| System details note | Accompanying computer disk contains Lotus 1-2-3 datafiles for various accounting case studies, and is also readable by Excel. |
| 650 #0 - SUBJECT ADDED ENTRY--TOPICAL TERM | |
| Topical term or geographic name as entry element | Managerial accounting. |
| 9 (RLIN) | 5333 |
| 650 #0 - SUBJECT ADDED ENTRY--TOPICAL TERM | |
| Topical term or geographic name as entry element | Strategic planning |
| General subdivision | Accounting. |
| 9 (RLIN) | 19436 |
| 942 ## - ADDED ENTRY ELEMENTS (KOHA) | |
| Source of classification or shelving scheme | Dewey Decimal Classification |
| Koha item type | Open Shelf |
| Withdrawn status | Lost status | Source of classification or shelving scheme | Damaged status | Not for loan | Home library | Current library | Date acquired | Source of acquisition | Inventory number | Total Checkouts | Full call number | Barcode | Date last seen | Price effective from | Koha item type |
|---|---|---|---|---|---|---|---|---|---|---|---|---|---|---|---|
| Dewey Decimal Classification | MUST Main Library | MUST Main Library | 08/10/2025 | Donation | 03/18694 | 658.15 SMI 1997 | 2025-0099 | 08/10/2025 | 08/10/2025 | Open Shelf |
